[Event "Konik Morski Rewala OPEN A"]
[Site "Rewal"]
[Date "2007.08.27"]
[Round "7.17"]
[White "Malinin, Vasily B"]
[Black "Kubit, Tomasz"]
[Result "1-0"]
[WhiteElo "2375"]
[BlackElo "2198"]
[PlyCount "133"]
[EventDate "2007.??.??"]

1. d4 d5 2. c4 dxc4 3. e4 Nc6 4. Nf3 Bg4 5. d5 Ne5 6. Nbd2 Nf6 7. Nxc4 Nxc4 8.
Bxc4 e5 9. O-O Bd6 10. Re1 O-O 11. Bg5 h6 12. Bh4 Qe7 13. h3 Bd7 14. Nh2 Bb4
15. Re3 Qd6 16. Kh1 Bc5 17. Re1 Kh8 18. f4 Nh7 19. f5 g5 20. Bg3 Nf6 21. h4
gxh4 22. Bxh4 Rg8 23. Rc1 Rg7 24. Qc2 Bb6 25. Be2 Rag8 26. Bf3 a5 27. a3 Bb5
28. Bf2 Nd7 29. Bxb6 cxb6 30. Qc7 Qxc7 31. Rxc7 Nc5 32. Rc1 Nd3 33. Rf1 Nc5 34.
Rd1 f6 35. d6 Rxc7 36. dxc7 Nd7 37. Rd6 Rc8 38. Ng4 Kg7 39. Re6 Rxc7 40. Re7+
Kf8 41. Rh7 Rc2 42. Nxh6 Ke8 43. Nf7 Be2 44. Nd6+ Kd8 45. Rh8+ Ke7 46. Nc8+ Kf7
47. Rh7+ Ke8 48. Nd6+ Kd8 49. Bxe2 Rxe2 50. b4 Kc7 51. Nb5+ Kc6 52. Nc3 Re3 53.
b5+ Kd6 54. Nd5 Rxa3 55. Kh2 a4 56. g4 Ra1 57. Rf7 a3 58. Nxf6 Nxf6 59. Rxf6+
Kc5 60. Rf8 Rf1 61. Ra8 Kb4 62. g5 Rf4 63. Kh3 Rf1 64. g6 Rg1 65. Kh4 Kb3 66.
Kh5 a2 67. f6 1-0

[Event "Konik Morski Rewala OPEN A"]
[Site "Rewal"]
[Date "2007.08.27"]
[Round "7.18"]
[White "Szwed, Jacek"]
[Black "Jozwicki, Jakub"]
[Result "0-1"]
[WhiteElo "2364"]
[BlackElo "2178"]
[PlyCount "62"]
[EventDate "2007.??.??"]

1. e4 c5 2. Nf3 e6 3. c4 Nc6 4. Nc3 d6 5. d4 cxd4 6. Nxd4 Nf6 7. Be2 Be7 8. Be3
Bd7 9. O-O Nxd4 10. Qxd4 O-O 11. a3 Bc6 12. Rfd1 Qb8 13. f3 Rd8 14. b4 b6 15.
Rac1 Bb7 16. Nb5 Bc6 17. Qb2 Nd7 18. Bf4 Ne5 19. Nc3 Ng6 20. Be3 Qb7 21. Qd2
Rac8 22. Bg5 h6 23. Bxe7 Qxe7 24. Qe3 Bb7 25. Rd4 d5 26. Rcd1 dxc4 27. Bxc4
Rxd4 28. Qxd4 Qc7 29. Nb5 Qxc4 30. Qxc4 Rxc4 31. Nd6 Rc7 0-1

[Event "Konik Morski Rewala OPEN A"]
[Site "Rewal"]
[Date "2007.08.27"]
[Round "7.19"]
[White "Gluszko, Tomasz"]
[Black "Llanezavega, Patricia"]
[Result "1/2-1/2"]
[WhiteElo "2119"]
[BlackElo "2298"]
[PlyCount "53"]
[EventDate "2007.??.??"]

1. d4 Nf6 2. c4 g6 3. Nc3 Bg7 4. e4 d6 5. f3 O-O 6. Be3 Nc6 7. Qd2 a6 8. Nge2
Rb8 9. h4 h5 10. O-O-O b5 11. Nd5 bxc4 12. Nxf6+ Bxf6 13. g4 hxg4 14. h5 gxf3
15. Nf4 e5 16. Nxg6 exd4 17. Bh6 c3 18. bxc3 dxc3 19. Qe3 c2 20. Rd2 Rb1+ 21.
Kxc2 Rxf1 22. Rxf1 fxg6 23. Qb3+ Kh7 24. Bxf8 Qxf8 25. hxg6+ Kg7 26. Rxf3 Qe7
27. Qf7+ 1/2-1/2

[Event "Konik Morski Rewala OPEN A"]
[Site "Rewal"]
[Date "2007.08.27"]
[Round "7.20"]
[White "Swiercz, Dariusz"]
[Black "Bebel, Arkadiusz"]
[Result "1-0"]
[WhiteElo "2281"]
[BlackElo "2142"]
[PlyCount "61"]
[EventDate "2007.??.??"]

1. e4 c5 2. Nf3 e6 3. d4 cxd4 4. Nxd4 Nf6 5. Nc3 d6 6. g4 e5 7. Bb5+ Bd7 8.
Bxd7+ Qxd7 9. Nf5 h5 10. gxh5 Rxh5 11. Nd5 Rxf5 12. exf5 Nxd5 13. Qxd5 Nc6 14.
Be3 Qxf5 15. O-O-O Rc8 16. Kb1 a6 17. a3 Qe6 18. Qd2 f5 19. f4 e4 20. h4 Rd8
21. h5 Rd7 22. Rhg1 Ne7 23. Bd4 Qf7 24. Rg5 Nc6 25. Qe3 Nd8 26. Qh3 Rc7 27.
Rxf5 Qe6 28. Bb6 Rf7 29. Re5 dxe5 30. Rxd8+ Ke7 31. Re8+ 1-0

[Event "Konik Morski Rewala OPEN A"]
[Site "Rewal"]
[Date "2007.08.27"]
[Round "7.21"]
[White "Galazewski, Tomasz"]
[Black "Gola, Karol"]
[Result "1-0"]
[WhiteElo "2259"]
[BlackElo "2141"]
[PlyCount "117"]
[EventDate "2007.??.??"]

1. e4 c5 2. Nf3 e6 3. d4 cxd4 4. Nxd4 a6 5. Bd3 Bc5 6. Nb3 Ba7 7. Qg4 Nf6 8.
Qg3 d6 9. O-O Nc6 10. Nc3 Ne5 11. Be2 b5 12. Bf4 b4 13. Rad1 Qe7 14. Rxd6 Ng6
15. e5 bxc3 16. exf6 gxf6 17. Rfd1 cxb2 18. Bf3 Bb7 19. Na5 Bxf3 20. Qxf3 O-O
21. Bg3 e5 22. Qd5 Bd4 23. Nc6 Qb7 24. Rb1 Bc3 25. Qc4 Qc7 26. Rxf6 Bd4 27.
Qxd4 Qxc6 28. Rxc6 exd4 29. Rxb2 Rfc8 30. Rxc8+ Rxc8 31. Kf1 f5 32. f3 Kf7 33.
Ke2 Rc3 34. Kd2 a5 35. Rb7+ Ke6 36. Rxh7 Ra3 37. Ra7 d3 38. Ra6+ Kf7 39. Bd6
Rxa2 40. Kxd3 Nh4 41. c4 Nxg2 42. c5 Ne1+ 43. Kc3 a4 44. c6 Ke6 45. c7 Kd7 46.
Bg3 Rc2+ 47. Kd4 Nxf3+ 48. Ke3 Rc3+ 49. Kf2 a3 50. Ra8 a2 51. Rxa2 Ng5 52. Rd2+
Ke6 53. Rd6+ Ke7 54. Rd8 Ne4+ 55. Kg2 Nxg3 56. c8=Q Rxc8 57. Rxc8 Ne4 58. Rc6
Kf7 59. Kf3 1-0

[Event "Konik Morski Rewala OPEN A"]
[Site "Rewal"]
[Date "2007.08.27"]
[Round "7.22"]
[White "Zgadzaj, Rafal"]
[Black "Wieclaw, Michal"]
[Result "1-0"]
[WhiteElo "2212"]
[BlackElo "2228"]
[PlyCount "115"]
[EventDate "2007.??.??"]

1. Nf3 Nf6 2. c4 c5 3. Nc3 d5 4. cxd5 Nxd5 5. g3 Nc6 6. Bg2 g6 7. Qa4 Nb6 8.
Qb5 Nd7 9. O-O Bg7 10. d3 O-O 11. Bd2 a6 12. Qa4 b5 13. Nxb5 Nb6 14. Qe4 axb5
15. Qxc6 Bd7 16. Qxc5 Bxb2 17. Rab1 Rxa2 18. Qc2 Na4 19. Bc1 Qc8 20. Qb3 Ra3
21. Qb4 Bxc1 22. Rbxc1 Rc3 23. Rxc3 Nxc3 24. e3 Nd5 25. Qb3 Qc5 26. Ne5 Nf6 27.
d4 Qd6 28. Rb1 Be8 29. Bf1 Nd5 30. Rc1 b4 31. Rc5 e6 32. Bg2 f6 33. Nd3 Bc6 34.
Bxd5 Bxd5 35. Qxb4 Qa6 36. Ne1 Qe2 37. Rc2 Qd1 38. Qd2 Qb1 39. Qe2 Be4 40. Rb2
Qa1 41. Rd2 Bf3 42. Qf1 Rc8 43. Nd3 Qc3 44. Ra2 Rb8 45. Ra1 Rb3 46. Nf4 e5 47.
dxe5 fxe5 48. Nh3 h6 49. Rc1 Qb2 50. Qc4+ Kg7 51. Qc7+ Kf6 52. Qd6+ Kf5 53.
Qd7+ Kf6 54. Qd6+ Kf5 55. Re1 Qe2 56. g4+ Ke4 57. Qxg6+ Kd5 58. Rxe2 1-0

[Event "Konik Morski Rewala OPEN A"]
[Site "Rewal"]
[Date "2007.08.27"]
[Round "7.23"]
[White "Krasenkova, Ilena"]
[Black "Klekowski, Maciej"]
[Result "0-1"]
[WhiteElo "2224"]
[BlackElo "2118"]
[PlyCount "114"]
[EventDate "2007.??.??"]

1. d4 d5 2. c4 e6 3. Nf3 Nf6 4. g3 Be7 5. Bg2 O-O 6. O-O c6 7. Qc2 Nbd7 8. Nbd2
Re8 9. e4 dxe4 10. Nxe4 c5 11. Rd1 Nxe4 12. Qxe4 Nf6 13. Qc2 cxd4 14. Nxd4 Qb6
15. Bg5 e5 16. Nf5 Bc5 17. b4 Bxf2+ 18. Qxf2 Qxf2+ 19. Kxf2 Ng4+ 20. Kg1 Bxf5
21. Bxb7 Rab8 22. Bc6 Rec8 23. b5 h6 24. Bd2 Be6 25. c5 Rxc6 26. bxc6 Rc8 27.
Rdc1 Rxc6 28. a4 e4 29. Bf4 g5 30. Bd6 Ne3 31. Rab1 Nc4 32. Rb8+ Kh7 33. Bf8
Ne5 34. Rb7 e3 35. Kf1 Bg4 36. Bd6 Nd3 37. Re1 Nxe1 38. Kxe1 Kg6 39. Re7 e2 40.
Rxa7 f5 41. h3 Bf3 42. a5 g4 43. hxg4 fxg4 44. Re7 Kf6 45. Rh7 Kg6 46. Re7 Kf6
47. Re3 h5 48. Kf2 Ra6 49. Ra3 Kf5 50. Ra4 h4 51. Rf4+ Kg6 52. gxh4 g3+ 53. Ke1
g2 54. Rxf3 g1=Q+ 55. Kxe2 Qb1 56. Rg3+ Kh5 57. Re3 Kxh4 0-1

[Event "Konik Morski Rewala OPEN A"]
[Site "Rewal"]
[Date "2007.08.27"]
[Round "7.24"]
[White "Gasik, Anna"]
[Black "Dragun, Kamil"]
[Result "1/2-1/2"]
[WhiteElo "2214"]
[BlackElo "2050"]
[PlyCount "78"]
[EventDate "2007.??.??"]

1. e4 c5 2. Nf3 d6 3. d4 cxd4 4. Nxd4 Nf6 5. Nc3 Nc6 6. Bg5 e6 7. Qd2 a6 8.
O-O-O Be7 9. f3 Qc7 10. h4 b5 11. Nxc6 Qxc6 12. Ne2 Bb7 13. Kb1 Qc7 14. Qd4 Rc8
15. Rd2 d5 16. Bf4 Qd8 17. e5 Bc5 18. Qd3 Nd7 19. Nd4 Qc7 20. Qe3 Nb6 21. h5 b4
22. b3 O-O 23. Rh4 Rfe8 24. Rg4 Kh8 25. Bd3 Nc4 26. bxc4 Bxd4 27. Qxd4 dxc4 28.
Bh6 gxh6 29. Bxc4 Rg8 30. Rxg8+ Kxg8 31. Bb3 a5 32. Qg4+ Kh8 33. Qf4 a4 34.
Bxa4 Bd5 35. Bb3 Bxb3 36. axb3 Ra8 37. Qd4 Qa5 38. Qb2 Qb5 39. Qd4 Qa5 1/2-1/2

[Event "Konik Morski Rewala OPEN A"]
[Site "Rewal"]
[Date "2007.08.27"]
[Round "7.25"]
[White "Tokarski, Bartosz"]
[Black "Andrenko, Irina"]
[Result "1-0"]
[WhiteElo "2100"]
[BlackElo "2108"]
[PlyCount "123"]
[EventDate "2007.??.??"]

1. e4 d6 2. d4 Nf6 3. Nc3 g6 4. f4 Bg7 5. Nf3 c5 6. Bb5+ Bd7 7. e5 Ng4 8. Bxd7+
Nxd7 9. e6 fxe6 10. Ng5 Qa5 11. Bd2 cxd4 12. Nce4 Qf5 13. Ng3 Qd5 14. Qxg4 Nf8
15. O-O h6 16. N5e4 O-O-O 17. c4 Qc6 18. Nh5 Rg8 19. Nxg7 Rxg7 20. Rfe1 Kb8 21.
Rac1 Qa4 22. c5 Qxa2 23. cxd6 exd6 24. Qh4 Rgd7 25. Nf6 Rf7 26. Ne4 Rfd7 27.
Rb1 h5 28. Qf6 Qd5 29. Ng5 Re8 30. Re4 Qa2 31. Ree1 Qd5 32. Rbd1 b6 33. Bb4 d3
34. Qc3 Qf5 35. g3 h4 36. Rxd3 Rc8 37. Qd2 hxg3 38. Bxd6+ Rxd6 39. Rxd6 gxh2+
40. Kh1 Rc2 41. Qd3 Kc7 42. Qxf5 gxf5 43. Red1 Rxb2 44. Rd8 Ng6 45. Nxe6+ Kb7
46. R8d7+ Ka6 47. Nc7+ Ka5 48. R7d5+ Ka4 49. Ra1+ Kb3 50. Rb5+ Kc2 51. Rxb2+
Kxb2 52. Rxa7 Nxf4 53. Rb7 Kc3 54. Rxb6 Kd3 55. Ne6 Ne2 56. Rb3+ Ke4 57. Kxh2
f4 58. Kg2 Kf5 59. Kf3 Nc1 60. Rc3 Na2 61. Ra3 Nc1 62. Nxf4 1-0

[Event "Konik Morski Rewala OPEN A"]
[Site "Rewal"]
[Date "2007.08.27"]
[Round "7.26"]
[White "Gorecka, Joanna"]
[Black "Philippe, Christophe"]
[Result "1/2-1/2"]
[WhiteElo "2089"]
[BlackElo "2368"]
[PlyCount "87"]
[EventDate "2007.??.??"]

1. e4 Nf6 2. e5 Nd5 3. c4 Nb6 4. c5 Nd5 5. Bc4 e6 6. d4 b6 7. Bxd5 exd5 8. Nc3
c6 9. cxb6 axb6 10. Nf3 Ba6 11. Ne2 Be7 12. O-O O-O 13. Re1 f6 14. Ng3 fxe5 15.
dxe5 Bb7 16. Qc2 Na6 17. Nf5 Nc5 18. Nxe7+ Qxe7 19. Ng5 g6 20. h4 Ba6 21. Re3
d4 22. Rg3 Qxe5 23. Nf3 Qe4 24. Qxe4 Nxe4 25. Rg4 d5 26. Bh6 Rf6 27. Bg5 h5 28.
Rxe4 dxe4 29. Bxf6 exf3 30. Bxd4 c5 31. Be3 fxg2 32. Kxg2 Kf7 33. Rd1 Ke6 34.
Bf4 Bb7+ 35. Kg3 Bd5 36. a3 Ra4 37. f3 Rc4 38. Rd2 b5 39. Re2+ Kd7 40. Bg5 Be6
41. Bf4 Bd5 42. Be3 Kc6 43. Bg5 Rd4 44. Rd2 1/2-1/2

[Event "Konik Morski Rewala OPEN A"]
[Site "Rewal"]
[Date "2007.08.27"]
[Round "7.27"]
[White "Strzemiecki, Zbigniew"]
[Black "Klim, Kamil"]
[Result "0-1"]
[WhiteElo "2306"]
[BlackElo "2126"]
[PlyCount "80"]
[EventDate "2007.??.??"]

1. e4 c5 2. Nf3 Nc6 3. d4 cxd4 4. Nxd4 Nf6 5. Nc3 d6 6. g3 e5 7. Nde2 Be6 8.
Bg2 Qd7 9. O-O Bh3 10. Bg5 O-O-O 11. Qd3 Be7 12. Bxf6 Bxf6 13. Nd5 h5 14. f3
Kb8 15. a4 Be6 16. f4 exf4 17. Nxf6 gxf6 18. Rxf4 Ne5 19. Qd2 h4 20. Rxf6 hxg3
21. hxg3 Bh3 22. Nd4 Bxg2 23. Qxg2 Ng4 24. Rf5 Ne3 25. Qf3 Nxf5 26. Nxf5 Qc6
27. Nd4 Qc5 28. Rd1 Rh7 29. c3 Rdh8 30. Rd2 Qg5 31. Rc2 Qh6 32. b4 Qh1+ 33.
Qxh1 Rxh1+ 34. Kf2 R8h2+ 35. Ke3 Rxc2 36. Nxc2 Rc1 37. Kd3 Rg1 38. Nd4 Rxg3+
39. Kd2 a6 40. Nf5 Rg6 0-1

[Event "Konik Morski Rewala OPEN A"]
[Site "Rewal"]
[Date "2007.08.27"]
[Round "7.28"]
[White "Kopisch, Martin"]
[Black "Paci, Cedric"]
[Result "0-1"]
[WhiteElo "2154"]
[BlackElo "2304"]
[PlyCount "90"]
[EventDate "2007.??.??"]

1. d4 e6 2. c4 f5 3. g3 Nf6 4. Bg2 Be7 5. Nc3 O-O 6. Nh3 d6 7. O-O c6 8. Rb1
Qe8 9. b4 e5 10. dxe5 dxe5 11. Qb3 Kh8 12. f4 e4 13. Nd1 a5 14. bxa5 Rxa5 15.
Ne3 Na6 16. a3 Bc5 17. Kh1 Qe7 18. Qc3 b6 19. Nc2 Rd8 20. Bb2 Be6 21. Rbd1 Ra4
22. Rxd8+ Qxd8 23. Qe5 Qd7 24. Ng5 Bxc4 25. Bh3 Bd6 26. Qd4 Nc5 27. Bxf5 Qe7
28. Nb4 Bd5 29. Rd1 h6 30. Nh3 Nb7 31. Qe3 Na5 32. Nxd5 Nxd5 33. Qc1 Rc4 34.
Qa1 Rc2 35. Bxg7+ Qxg7 36. Qxg7+ Kxg7 37. Bxe4 Rxe2 38. Bxd5 cxd5 39. Ng1 Re3
40. Kg2 Rxa3 41. Rxd5 Nc4 42. Kh3 Bc5 43. Ne2 Ra2 44. Nc3 Rc2 45. Ne4 Bg1 0-1

[Event "Konik Morski Rewala OPEN A"]
[Site "Rewal"]
[Date "2007.08.27"]
[Round "7.29"]
[White "Bronowicki, Mateusz"]
[Black "Janczarski, Michal"]
[Result "1-0"]
[WhiteElo "2274"]
[BlackElo "2088"]
[PlyCount "137"]
[EventDate "2007.??.??"]

1. d4 d5 2. c4 c6 3. Nc3 e6 4. cxd5 exd5 5. Bf4 Nf6 6. e3 Be7 7. Bd3 O-O 8. Qc2
Nbd7 9. Nge2 Re8 10. h3 Nf8 11. g4 b5 12. Ng3 Ng6 13. Bg5 a5 14. Nce2 Qb6 15.
Rc1 Bd7 16. Bf5 Bxf5 17. gxf5 Nf8 18. Qxc6 Qa7 19. Bxf6 Bxf6 20. Qc7 Nd7 21.
Qxa7 Rxa7 22. Rc6 b4 23. Rd6 Rc8 24. Kd2 Be7 25. Rxd5 Nb6 26. Rb5 Nc4+ 27. Kd3
Nxb2+ 28. Ke4 a4 29. Rc1 Rxc1 30. Nxc1 Bf8 31. f6 gxf6 32. Nh5 Nd1 33. Nxf6+
Kg7 34. Nd5 b3 35. axb3 a3 36. Na2 Nxf2+ 37. Kf3 Nxh3 38. Ndc3 h6 39. b4 Ng5+
40. Ke2 Be7 41. Ra5 Rb7 42. Rxa3 h5 43. Nd5 h4 44. Nxe7 Rxe7 45. Nc3 Kg6 46. b5
Kf5 47. Ra1 h3 48. b6 Kg4 49. Kf2 Rb7 50. Rg1+ Kh4 51. Rb1 f5 52. d5 Nh7 53.
Na4 Nf6 54. Nc5 Rb8 55. b7 Ng4+ 56. Kf3 Kg5 57. Na6 Re8 58. Re1 Ne5+ 59. Kg3
Nd7 60. Kxh3 Kf6 61. Kg3 Ke5 62. Rc1 Kxd5 63. Kf2 Rh8 64. Rc8 Rh2+ 65. Kg3 Rb2
66. b8=Q Nxb8 67. Rxb8 Re2 68. Kf3 Re1 69. Nb4+ 1-0

[Event "Konik Morski Rewala OPEN A"]
[Site "Rewal"]
[Date "2007.08.27"]
[Round "7.30"]
[White "Czaja, Roman"]
[Black "Szymanski, Andrzej"]
[Result "1/2-1/2"]
[WhiteElo "2146"]
[BlackElo "2251"]
[PlyCount "80"]
[EventDate "2007.??.??"]

1. d4 Nf6 2. c4 e6 3. Nc3 Bb4 4. Qc2 O-O 5. e4 d5 6. e5 Ne4 7. Bd3 c5 8. Bxe4
dxe4 9. dxc5 Qd4 10. Nge2 Qxc4 11. O-O Nd7 12. Qxe4 Qxe4 13. Nxe4 Nxc5 14. a3
Nb3 15. Rb1 Be7 16. Rd1 b6 17. Be3 Ba6 18. Nd4 Nxd4 19. Rxd4 Bb7 20. Nd6 Bd5
21. Nb5 Rfc8 22. Nc3 Bc6 23. Rd2 Kf8 24. f3 Rd8 25. Rbd1 Rxd2 26. Rxd2 Ke8 27.
Kf2 Rc8 28. g3 Rc7 29. Ne2 Bd7 30. Nd4 Rc1 31. Ne2 Rc4 32. Bd4 Rc8 33. Be3 Bd8
34. Bd4 Ba4 35. Nc3 Bc6 36. Ke3 Bg5+ 37. f4 Be7 38. h4 h5 39. Ne2 g6 40. Nc3
Rd8 1/2-1/2

[Event "Konik Morski Rewala OPEN A"]
[Site "Rewal"]
[Date "2007.08.27"]
[Round "7.31"]
[White "Pigula, Marek"]
[Black "Smirnov, Aleksander"]
[Result "1-0"]
[WhiteElo "2141"]
[BlackElo "2247"]
[PlyCount "169"]
[EventDate "2007.??.??"]

1. Nf3 d5 2. g3 Nf6 3. Bg2 e6 4. O-O Nbd7 5. d3 Bd6 6. Nbd2 O-O 7. Re1 c6 8. e4
dxe4 9. Nxe4 Nxe4 10. dxe4 Qc7 11. c3 e5 12. Be3 Nf6 13. Bg5 Be7 14. Qc2 h6 15.
Bd2 Nh7 16. Rad1 Bg4 17. h3 Be6 18. Be3 a5 19. b3 b5 20. c4 bxc4 21. bxc4 c5
22. Re2 Ng5 23. Nxg5 hxg5 24. Red2 Rfb8 25. Bf1 Qc8 26. Kh2 Ra6 27. Qc3 f6 28.
Rb2 Rxb2 29. Qxb2 Qc6 30. Qb8+ Kf7 31. Qh8 Ra8 32. Qh7 Rb8 33. Be2 g4 34. Bxg4
Bxg4 35. hxg4 Rb4 36. Bh6 Bf8 37. Bxg7 Bxg7 38. Rd8 Rb7 39. Rg8 Ke6 40. Rxg7
Rxg7 41. Qxg7 Qxe4 42. Qg8+ Ke7 43. g5 fxg5 44. Qxg5+ Ke6 45. Qh6+ Kf7 46. Qh5+
Ke6 47. Qe8+ Kd6 48. Qf8+ Ke6 49. Qxc5 Qh7+ 50. Kg2 Qe4+ 51. Kg1 Qb1+ 52. Kg2
Qe4+ 53. f3 Qc2+ 54. Qf2 Qxc4 55. Qb6+ Kf5 56. g4+ Kg5 57. Qd8+ Kg6 58. Qe8+
Kh7 59. Qh5+ Kg8 60. Qg6+ Kf8 61. Qd6+ Kf7 62. Qd7+ Kg8 63. Qd8+ Kf7 64. Qxa5
Qe2+ 65. Kg3 Qe3 66. Qc7+ Kg6 67. Qd6+ Kg7 68. Qd1 Qf4+ 69. Kg2 Kh6 70. Qd6+
Kg7 71. a4 Qe3 72. Qd1 Qc3 73. Qd7+ Kg6 74. Qf5+ Kg7 75. g5 Qd2+ 76. Kh3 Qe1
77. Qe4 Qc3 78. Kg4 Kf7 79. Kf5 Kf8 80. Kf6 Qc8 81. Qxe5 Qc6+ 82. Qe6 Qxf3+ 83.
Kg6 Qb7 84. Qf6+ Kg8 85. Qd8# 1-0

[Event "Konik Morski Rewala OPEN A"]
[Site "Rewal"]
[Date "2007.08.27"]
[Round "7.32"]
[White "Budrewicz, Krzysztof"]
[Black "Polok, Rafal"]
[Result "1-0"]
[WhiteElo "2224"]
[BlackElo "1942"]
[PlyCount "103"]
[EventDate "2007.??.??"]

1. d4 Nf6 2. Bg5 g6 3. Bxf6 exf6 4. e3 Bg7 5. Ne2 d5 6. Nf4 O-O 7. c4 dxc4 8.
Bxc4 c5 9. dxc5 Qa5+ 10. Nd2 Qxc5 11. O-O Nc6 12. Rc1 Qb6 13. h4 Ne5 14. Bb3
Bg4 15. Nc4 Nxc4 16. Qxg4 Nd2 17. Nd5 Qd6 18. Rfd1 Nxb3 19. axb3 f5 20. Qg5 Qe5
21. h5 h6 22. Qf4 Qxf4 23. Nxf4 Rac8 24. hxg6 Rxc1 25. Rxc1 Bxb2 26. Rc5 fxg6
27. Nxg6 Rf7 28. Kf1 Kg7 29. Nh4 f4 30. e4 b6 31. Rc6 Bf6 32. Nf5+ Kg6 33. Ke2
Kg5 34. Rc8 Rd7 35. b4 Be7 36. b5 Bb4 37. Rg8+ Kf6 38. Nxh6 Rd2+ 39. Kf3 Rd3+
40. Kg4 Rd2 41. Kxf4 Rxf2+ 42. Ke3 Bc5+ 43. Kd3 Rb2 44. g4 Rxb5 45. g5+ Ke6 46.
g6 Rb3+ 47. Kc2 Rg3 48. g7 Be7 49. Nf5 Rg2+ 50. Kd3 Bf6 51. Re8+ Kf7 52. Rf8+
1-0

[Event "Konik Morski Rewala OPEN A"]
[Site "Rewal"]
[Date "2007.08.27"]
[Round "7.33"]
[White "Christensen, Bo Garner"]
[Black "Wozniak, Maciej"]
[Result "0-1"]
[WhiteElo "2223"]
[BlackElo "2180"]
[PlyCount "70"]
[EventDate "2007.??.??"]

1. e4 e5 2. Nf3 Nc6 3. Bb5 d6 4. O-O Bd7 5. c3 Nge7 6. d4 Ng6 7. Re1 Be7 8.
Nbd2 a6 9. Bf1 h6 10. b3 Bg5 11. Bb2 Bxd2 12. Qxd2 Qf6 13. Re3 Nf4 14. a4 g5
15. b4 g4 16. Ne1 Ne7 17. c4 Neg6 18. c5 h5 19. b5 h4 20. cxd6 cxd6 21. bxa6
bxa6 22. dxe5 dxe5 23. g3 Ne6 24. Nd3 Ng5 25. Nb4 Nf3+ 26. Rxf3 gxf3 27. Nd5
Qd8 28. Ba3 Be6 29. Bc4 Bxd5 30. Bxd5 Rc8 31. Qb2 Qd7 32. Rd1 Qh3 33. Bxf7+
Kxf7 34. Qb3+ Kg7 35. Qxf3 hxg3 0-1

[Event "Konik Morski Rewala OPEN A"]
[Site "Rewal"]
[Date "2007.08.27"]
[Round "7.34"]
[White "Demidowicz, Maria"]
[Black "Jagodzinski, Piotr"]
[Result "1/2-1/2"]
[WhiteElo "1979"]
[BlackElo "2120"]
[PlyCount "52"]
[EventDate "2007.??.??"]

1. e4 c6 2. d4 d5 3. exd5 cxd5 4. c4 Nf6 5. Nc3 Nc6 6. Nf3 e6 7. Bg5 dxc4 8.
Bxc4 Be7 9. O-O O-O 10. Qd2 a6 11. a4 Qa5 12. Rfe1 Rd8 13. Rad1 b6 14. Qe2 Bb7
15. Bxf6 Bxf6 16. d5 exd5 17. Rxd5 Qb4 18. Rxd8+ Rxd8 19. Nd5 Qc5 20. Nxf6+
gxf6 21. Qe4 Na5 22. Bxf7+ Kg7 23. Qg4+ Kxf7 24. b4 Qd5 25. bxa5 h5 26. Qf4
bxa5 1/2-1/2

[Event "Konik Morski Rewala OPEN A"]
[Site "Rewal"]
[Date "2007.08.27"]
[Round "7.35"]
[White "Witek, Tomasz"]
[Black "Nguyen, Piotr"]
[Result "0-1"]
[WhiteElo "2105"]
[BlackElo "2283"]
[PlyCount "48"]
[EventDate "2007.??.??"]

1. d4 c5 2. d5 Nf6 3. Nc3 g6 4. e4 d6 5. Nf3 Bg7 6. h3 O-O 7. Be2 b5 8. Bxb5
Nxe4 9. Nxe4 Qa5+ 10. Nc3 Bxc3+ 11. bxc3 Qxb5 12. Be3 Qc4 13. Qd2 Nd7 14. Rd1
Ba6 15. h4 Nf6 16. h5 Ne4 17. Qd3 Nxc3 18. hxg6 fxg6 19. Rc1 Nxa2 20. Ra1 Qxd3
21. cxd3 Nb4 22. Ng5 Rf5 23. Ne6 Rc8 24. Rh4 Nc2+ 0-1

[Event "Konik Morski Rewala OPEN A"]
[Site "Rewal"]
[Date "2007.08.27"]
[Round "7.36"]
[White "Kalvaitis, Sigitas"]
[Black "Marta, Daniele"]
[Result "1-0"]
[WhiteElo "2267"]
[BlackElo "2079"]
[PlyCount "59"]
[EventDate "2007.??.??"]

1. e4 e6 2. d4 d5 3. Nc3 Bb4 4. Nge2 dxe4 5. a3 Be7 6. Nxe4 Nf6 7. Qd3 O-O 8.
Bf4 b6 9. g3 Ba6 10. c4 Nbd7 11. Bg2 Rc8 12. b4 Rb8 13. O-O Nxe4 14. Bxe4 Nf6
15. Bc6 Bb7 16. Bxb7 Rxb7 17. Qf3 Qc8 18. b5 Rb8 19. a4 Qd7 20. a5 Rbc8 21. Qc6
Rfd8 22. axb6 cxb6 23. Qxd7 Rxd7 24. Ra4 Nh5 25. Be3 Rdc7 26. Rc1 f5 27. c5 Kf7
28. c6 Bd6 29. Rca1 Ra8 30. d5 1-0

[Event "Konik Morski Rewala OPEN A"]
[Site "Rewal"]
[Date "2007.08.27"]
[Round "7.37"]
[White "Czartoryski, Pawel"]
[Black "Helstroffer, Arnaud"]
[Result "0-1"]
[WhiteElo "2066"]
[BlackElo "2234"]
[PlyCount "120"]
[EventDate "2007.??.??"]

1. d4 Nf6 2. c4 g6 3. Nc3 Bg7 4. e4 d6 5. Be2 O-O 6. Nf3 e5 7. O-O Na6 8. d5
Nc5 9. Qc2 a5 10. Bg5 h6 11. Be3 b6 12. Nd2 Ng4 13. Bxg4 Bxg4 14. f3 Bd7 15. b3
f5 16. a3 Na6 17. Rfb1 h5 18. Qc1 f4 19. Bf2 g5 20. b4 g4 21. Qe1 Kh7 22. Kh1
Rg8 23. Ne2 Bh6 24. Rb3 Rg6 25. c5 g3 26. hxg3 fxg3 27. Nxg3 Qh4+ 28. Kg1 Bxd2
29. Qxd2 Rag8 30. cxb6 cxb6 31. bxa5 b5 32. Ra2 Rxg3 33. Bxg3 Qxg3 34. Qf2 Qg5
35. Qa7 Qc1+ 36. Kh2 Nc5 37. Rxb5 Rg7 38. Rb8 Qf4+ 39. Kh1 Qh4+ 40. Kg1 Nd3 41.
Rb7 Qe1+ 42. Kh2 Nc5 43. Rc7 h4 44. Rxc5 Qg3+ 45. Kh1 Qe1+ 46. Kh2 dxc5 47.
Qxc5 Qg3+ 48. Kh1 Qe1+ 49. Kh2 Qg3+ 50. Kg1 Qxf3 51. Qf2 Qxe4 52. Re2 Qg4 53.
Rxe5 h3 54. Qc2+ Kh8 55. Re2 Qd4+ 56. Kh2 Qf4+ 57. Kg1 Qd4+ 58. Kh2 hxg2 59.
Rxg2 Rh7+ 60. Kg3 Rh3# 0-1

[Event "Konik Morski Rewala OPEN A"]
[Site "Rewal"]
[Date "2007.08.27"]
[Round "7.38"]
[White "Wojciechowski, Piotr"]
[Black "Warchalowski, Daniel"]
[Result "1/2-1/2"]
[WhiteElo "2228"]
[BlackElo "2061"]
[PlyCount "83"]
[EventDate "2007.??.??"]

1. d4 d5 2. c4 Nc6 3. Nc3 Nf6 4. cxd5 Nxd5 5. e4 Nxc3 6. bxc3 e5 7. d5 Nb8 8.
Nf3 Bd6 9. Bb5+ c6 10. Ba4 O-O 11. O-O Bg4 12. h3 Bh5 13. Rb1 b5 14. Bc2 a6 15.
a4 Qc8 16. dxc6 Qxc6 17. Bb3 Ra7 18. Nxe5 Bxe5 19. Qxh5 Bxc3 20. Be3 Rc7 21.
Bd5 Qd7 22. axb5 axb5 23. Rxb5 Qe7 24. Bf4 Rcc8 25. Rb7 Qf6 26. Bxb8 Rxb8 27.
Qxf7+ Qxf7 28. Bxf7+ Kh8 29. Rxb8 Rxb8 30. f4 Rf8 31. Bc4 Bd2 32. g3 g5 33.
fxg5 Rxf1+ 34. Kxf1 Bxg5 35. e5 Bc1 36. Kf2 Bb2 37. e6 Ba3 38. Kf3 Kg7 39. Ke4
Kf6 40. g4 h6 41. Kd5 Bb4 42. Bd3 1/2-1/2

[Event "Konik Morski Rewala OPEN A"]
[Site "Rewal"]
[Date "2007.08.27"]
[Round "7.39"]
[White "Pazdziora, Michal"]
[Black "Kotermanska, Anna"]
[Result "1/2-1/2"]
[WhiteElo "2205"]
[BlackElo "1980"]
[PlyCount "128"]
[EventDate "2007.??.??"]

1. d4 Nf6 2. c4 g6 3. Nc3 Bg7 4. Nf3 d6 5. Bf4 O-O 6. e3 Nh5 7. Bg5 c6 8. Be2
Qc7 9. O-O h6 10. Bh4 g5 11. Nd2 Nf6 12. Bg3 Nbd7 13. Qc2 e5 14. c5 dxc5 15.
dxe5 Nxe5 16. Nce4 Nxe4 17. Nxe4 b6 18. f4 gxf4 19. exf4 Ng4 20. Bxg4 Bxg4 21.
f5 Bd4+ 22. Kh1 Qd7 23. Nc3 Rfe8 24. Rf4 h5 25. h3 Bxc3 26. hxg4 Be5 27. Qf2
Rad8 28. gxh5 Qd2 29. Qxd2 Rxd2 30. Re1 f6 31. Rfe4 Rxb2 32. Bxe5 fxe5 33. h6
Kh7 34. Rg4 Rb4 35. Rg7+ Kxh6 36. Rg6+ Kh7 37. Re3 Rh4+ 38. Kg1 Rh6 39. Rg4 Rg8
40. Ra4 Rg7 41. Rxe5 b5 42. Rf4 c4 43. f6 Rf7 44. Re6 c5 45. Rf5 b4 46. Rxc5
Rhxf6 47. Rxf6 Rxf6 48. Rxc4 a5 49. Rc5 a4 50. Rb5 Rf4 51. Rb6 Kg7 52. Kh2 Re4
53. Kh3 Kf7 54. g4 Re3+ 55. Kh4 b3 56. axb3 axb3 57. Kg5 Rd3 58. Rb7+ Ke6 59.
Kg6 Kd5 60. g5 Kc4 61. Kh7 Kc3 62. g6 Rh3+ 63. Kg8 b2 64. g7 Rg3 1/2-1/2

[Event "Konik Morski Rewala OPEN A"]
[Site "Rewal"]
[Date "2007.08.27"]
[Round "7.40"]
[White "Stachanczyk, Jacek"]
[Black "Baumann, Dariusz"]
[Result "0-1"]
[WhiteElo "2186"]
[BlackElo "2050"]
[PlyCount "56"]
[EventDate "2007.??.??"]

1. e4 c5 2. Nf3 Nc6 3. d4 cxd4 4. Nxd4 Nf6 5. Nc3 e5 6. Ndb5 d6 7. Bg5 a6 8.
Bxf6 gxf6 9. Na3 b5 10. Nd5 f5 11. exf5 Bxf5 12. c3 Bg7 13. Nc2 O-O 14. a4 bxa4
15. Rxa4 a5 16. Be2 Rb8 17. Nce3 Be6 18. Qd2 f5 19. f3 Qd7 20. O-O Nd4 21. cxd4
Qxa4 22. dxe5 Bxe5 23. Nc4 Bg7 24. Kh1 Kh8 25. Ncb6 Qd4 26. Qxa5 Bxd5 27. Nxd5
Ra8 28. Qb5 Rfb8 0-1

[Event "Konik Morski Rewala OPEN A"]
[Site "Rewal"]
[Date "2007.08.27"]
[Round "7.41"]
[White "Zurkowski, Andrzej"]
[Black "Rawicz, Karol"]
[Result "1-0"]
[WhiteElo "2015"]
[BlackElo "2170"]
[PlyCount "35"]
[EventDate "2007.??.??"]

1. d4 d5 2. c4 c6 3. Nc3 Nf6 4. Nf3 e6 5. Bg5 h6 6. Bh4 dxc4 7. a4 Bb4 8. e3 b5
9. Ne5 g5 10. Bg3 Nd5 11. Qc2 Bb7 12. Be2 h5 13. h3 Nd7 14. O-O Bxc3 15. bxc3
a6 16. Rfb1 Qc8 17. Bxc4 N7f6 18. Bd3 1-0